Normal view
MARC view
Entry Personal Name
001 - CONTROL NUMBER
- control field: 79464
003 - CONTROL NUMBER IDENTIFIER
- control field: dpl
005 - DATE AND TIME OF LATEST TRANSACTION
- control field: 20250310122018.0
008 - FIXED-LENGTH DATA ELEMENTS
- fixed length control field: 250310|| aca||aabn | a|a d
040 ## - CATALOGING SOURCE
- Original cataloging agency: dpl
- Transcribing agency: dpl
100 ## - HEADING--PERSONAL NAME
- Personal name: Divakar, VJM
670 ## - SOURCE DATA FOUND
- Source citation: Work cat.: (dpl)210196: Rao, Narasimha Vanam Jwala 79462, KCR's Magnificent Governance/, 2021
